| 000 | 00544nam a2200169 a 4500 | ||
|---|---|---|---|
| 001 | 0258 | ||
| 005 | 20140414131855.0 | ||
| 008 | 040902s19uu xx 00 eng d | ||
| 020 | _a187671109-4 | ||
| 050 |
_aM 808.81 _bC81 1999 |
||
| 100 | _aCornwell, Allan | ||
| 245 |
_aThere was an old man from . . : _ba collection of loony limericks / _ccompiled by Allan Cornwell ; illustrated by Jiri Tibor Novak. |
||
| 260 |
_aAustralia : _bAllan Cornwell, _c1999. |
||
| 300 | _a63 p. : ill. ; cm. | ||
| 650 | _aCollection of poetry. | ||
| 999 |
_c110385 _d110385 |
||